Frederick Billings, Vermonter, pioneer lawyer, business man, conservationist : an illustrated biography /

Bibliographic Details
Main Author: Curtis, Jane, 1918-
Other Authors: Jennison, Peter S., Lieberman, Frank
Format: Book
Language:English
Published: Woodstock, VT : Woodstock Foundation, [1986]
Subjects:

MARC

Tag First Indicator Second Indicator Subfields
LEADER 00000cam a2200000 a 4500
001 in00001226310
005 20151002094245.0
008 861021s1986 vtuac 001 0beng
010 |a  86028103  
020 |a 0930985044 (pbk.) :  |c $12.95 (est.) 
020 |a 0930985052 (hard) :  |c $17.95 (est.) 
035 |a (OCoLC)14692606 
035 |9 AGQ6859AM 
040 |a DLC  |c DLC  |d UtOrBLW 
043 |a n-us--- 
049 |a TXAM 
050 0 0 |a HE2754.B5  |b C87 1986 
082 0 |a 385/.092/4  |a B  |2 19 
100 1 |a Curtis, Jane,  |d 1918- 
245 1 0 |a Frederick Billings, Vermonter, pioneer lawyer, business man, conservationist :  |b an illustrated biography /  |c by Jane Curtis, Peter Jennison, and Frank Lieberman. 
264 1 |a Woodstock, VT :  |b Woodstock Foundation,  |c [1986] 
264 4 |c ©1986 
300 |a 135 pages :  |b illustrations, portraits ;  |c 28 cm. 
336 |a text  |b txt  |2 rdacontent 
337 |a unmediated  |b n  |2 rdamedia 
338 |a volume  |b nc  |2 rdacarrier 
500 |a Includes index. 
600 1 0 |a Billings, Frederick,  |d 1823-1890. 
650 0 |a Businessmen  |z United States  |v Biography. 
610 2 0 |a Northern Pacific Railway Company  |x History. 
700 1 |a Jennison, Peter S. 
700 1 |a Lieberman, Frank. 
999 |a MARS 
999 f f |s 98cc221a-ee23-3f42-a4a3-b46de4903029  |i d34012c9-c22c-3635-9439-42475839b70e  |t 0 
952 f f |p ric  |a Texas A&M University  |b Rellis Campus  |c Joint Library Facility  |d Remote Storage  |t 0  |e HE2754.B5 C87 1986  |h Library of Congress classification  |i unmediated -- volume  |m A14818978531 
998 f f |a HE2754.B5 C87 1986  |t 0  |l Remote Storage